| 000 | 01115nam a22002657a 4500 | ||
|---|---|---|---|
| 999 |
_c64994 _d64994 |
||
| 005 | 20240530110801.0 | ||
| 008 | 190211s2018 ua a g b 000 0 ara d | ||
| 017 |
_bمصر. دار الكتب _a2017/25163 |
||
| 020 | _a9789777357555 | ||
| 040 |
_aEG-CaGPL _cEG-CaGPL |
||
| 082 | 0 | 4 |
_221 _a001.42\ _bع م |
| 100 | 0 | _aعلى ابراهيم على عبيدو | |
| 245 | 1 | 2 |
_aالمدخل الى الكتابة العلمية للرسائل والبحوث والنشر العلمى الدولى / _cعلى ابراهيم على عبيدو ، احمد عبدالفتاح محمود |
| 250 | _aط.1 | ||
| 260 |
_aالقاهرة : _bدار الوفاء لدنيا الطباعة و النشر، _c2018 . |
||
| 300 |
_a636 ص. ؛ _c24 سم. |
||
| 504 | _aيشتمل على ارجاعات ببلوجرافية | ||
| 650 | 0 | 7 |
_2qrmak _aالبحوث العلمية |
| 650 | 0 | 7 | _aبنك المعرفة المصرى |
| 650 | 0 | 7 |
_aطرق البحث _2qrmak |
| 651 | _2qrmak | ||
| 700 | 0 |
_aاحمد عبدالفتاح محمود _eمؤلف مشارك |
|
| 942 |
_2ddc _cBK |
||